Prefix Click Quiz: T - Statistics

General Stats
  • This quiz has been taken 185 times
  • The average score is 12 of 15
Answer Stats
Hint Answer % Correct
Earth Terr-
92%
Warm Therm-
91%
Poison Tox-
91%
Speculation Theori-
89%
13 Treiskaidek-
88%
Chest Thorac-
87%
Carpet Tapet-
83%
Drum Tympan-
80%
Far Tele-
79%
Time Tempor-
75%
All Tot-
75%
Ankle Tars-
73%
Art Techn-
55%
Serve Therap-
55%
Place Top-
55%
No matching quizzes found
Score Distribution
Percent of People with Each Score
Percentile by Number Answered
Your Score History
You have not taken this quiz